Superhero by Subtitle Quiz Stats

Quiz Updated Dec 20, 2013

Also try: Secret Identities
Challenge
Share
Tweet
Embed
Score 0/36 Timer 05:00
5 Plays Today
Subtitle or Moniker Superhero Name % Correct
God of ThunderThor
96.4%
Fastest Man AliveThe Flash
89.1%
Boy WonderRobin
86%
Your friendly neighborhood...Spider-man
79.7%
Man of SteelSuperman
76.3%
The Master of MagnetismMagneto
74.2%
The Emerald ArcherGreen Arrow
72.2%
The Green GoliathIncredible Hulk
69.1%
Earth's Mightiest HeroesThe Avengers
67%
The Clown Prince of CrimeThe Joker
65.9%
World's Greatest DetectiveBatman
58.7%
The AmazonWonder Woman
57.8%
Emerald GuardianGreen Lantern
57.3%
The Merc with the MouthDeadpool
45.3%
The Man Who Broke the BatBane
39.2%
The Spirit of VengeanceThe Spectre/Ghost Rider
38.3%
The Sorcerer SupremeDoctor Strange/Brother Voodoo
37%
The Golden AvengerIron Man
36.7%
Subtitle or Moniker Superhero Name % Correct
Devourer of WorldsGalactus
34.9%
Sentinel of LibertyCaptain America
33%
The First FamilyThe Fantastic Four
32.5%
The Dweller-in-the-DepthsAquaman
31.2%
The Man without FearDaredevil
30.4%
He's the best at what he doesWolverine
25.4%
The UnstoppableJuggernaut
24.5%
The ever-lovin, blue-eyed...Thing
17.4%
The AccuserRonan
15.3%
The World's Mightiest MortalCaptain Marvel
12.7%
He's coming to his past to save your futureBooster Gold
12.2%
The TerminatorDeathstroke
11%
Imperius RexNamor, the Submariner
10.8%
He has the power of a million exploding sunsThe Sentry
10.5%
The Main ManLobo
9.3%
The Right Hand of DoomHellboy
6.5%
The Fist of KhonshuMoon Knight
6.3%
The Prince of PowerHercules
4.9%

You're not logged in!

Compare scores with friends on all Sporcle quizzes.
Join for Free
OR
Log In

You Might Also Like...

Show Comments

Extras

Top Quizzes Today


Score Distribution

Your Account Isn't Verified!

In order to create a playlist on Sporcle, you need to verify the email address you used during registration. Go to your Sporcle Settings to finish the process.

Report this User

Report this user for behavior that violates our Community Guidelines.

Details: